000 00657nam a2200205 a 4500
005 20230510063736.0
008 991125s1978 es 000 0 spa u
020 _a8432000078
035 _aUPN01000018003
049 _aCG
050 4 _aLB1105
_bP3.2 no.4
100 1 _aBerge, André,
_d1902-1995
_934974
245 1 3 _aLa educación sexual de la infancia /
_cA. Berge ; tr. F. G. Velasco.
260 _aBarcelona, Esp. :
_bPlaneta,
_c1978.
300 _a176 p.
440 0 _aPaideia.
_pBiblioteca práctica de pedagogía, psicología y psicopatología de la infancia ;
_v4
650 4 _aEducación sexual
_97445
650 4 _aSexo
_96715
905 _aLibro
999 _c18003
_d18003